Представление документа в формате RUSMARC

ПолеНазваниеЗначение
  Тип записи a
  Библиографический уровень m
001 Контрольный номер UONB/MAIN/bf5e4b78716c4a00a2c4ccd4da9a542a
005 Дата корректировки 20251121115243.6
010 Индекс ISBN __
d Цена 59 к.
9 Тираж 1700 экз.
100 Данные общей обработки __
a Данные общей обработки 20230121d1965 u y0rusy0189 ca
101 Язык документа 0_
a Язык текста rus
102 Страна публикации __
a Страна публикации RU
105 Кодированные данные (монография) __
a Кодированные данные (монография) a z 000yy
200 Заглавие и сведения об ответственности 1_
a Заглавие Применение алмазного инструмента на машиностроительном предприятии
f Первые сведения об ответственности Науч.-исслед. ин-т информации по машиностроению "НИИМаш". Гос. ком. по машиностроению при Госплане СССР
203 Вид содержания и тип средства __
a Вид содержания Текст
b Характеристика содержания визуальный
c Тип средства непосредственный
210 Выходные данные 1_
a Место издания Москва
c Издательство [б. и.]
d Дата издания 1965
215 Физическое описание __
a Объем 73 с.
d Формат 21 см
c Иллюстрации/тип воспроизводства ил., черт.
225 Серия 2_
a Серия Серия С-Х-5 "Технология сварочного производства"
606 Тематические рубрики 0_
a Основная рубрика Алмазные инструменты
j Формальный подзаголовок Сборники
610 Ключевые слова 0_
a Ключевые слова алмазные инструменты; машиностроение
675 Индекс УДК __
a Индекс УДК 6П4.6-082.7
686 Индексы других классификаций __
a Классификационный индекс 34
2 Код системы rubbk
712 Наименование организации (Вторичная ответственность) 02
a Организация/ юрисдикция Научно-исследовательский институт информации по машиностроению "НИИМаш"
b Другие уровни Государственный комитет по машиностроению при Госплане СССР
4 Код отношения 570
801 Источник записи _0
a Страна RU
b Организация Ульяновская ОНБ
c Дата составления 20230121
g Правила каталогизации RCR
801 Источник записи _1
a Страна RU
b Организация Ульяновская ОНБ
c Дата составления 20230121
g Правила каталогизации RCR
901 Тип документа __
t Тип документа m
909 Создатель записи __
a Создатель записи Полина
b Дата создания записи 20230121